[Event "TCh-POL Ekstraliga"]
[Site "Miedzybrodzie-Zywiec POL"]
[Date "2011.09.03"]
[Round "5.1"]
[White "Czarnota,P"]
[Black "Hracek,Z"]
[Result "1-0"]
[WhiteElo "2538"]
[BlackElo "2629"]

1.e4 c5 2.Nf3 d6 3.d4 cxd4 4.Nxd4 Nf6 5.Nc3 a6 6.Be3 e5 7.Nb3 Be6 8.f4 exf4
9.Bxf4 Nc6 10.Qe2 Ne5 11.h3 Rc8 12.O-O-O Nfd7 13.Nd5 g6 14.Qd2 Bxd5 15.Qxd5 Qc7
16.c3 Nf6 17.Qd4 Nh5 18.Bh2 Be7 19.Be2 Ng7 20.Bg4 Nxg4 21.hxg4 O-O 22.e5 d5
23.Qxd5 Ne6 24.Qd7 Rfd8 25.Qxc7 Rxc7 26.Rxd8+ Bxd8 27.Rd1 Bg5+ 28.Kc2 Be3
29.Kd3 Bb6 30.Nd4 Nc5+ 31.Kc2 Rc8 32.Nf3 Ne6 33.Kd3 Kg7 34.b4 a5 35.a3 axb4
36.axb4 Ra8 37.Kc4 Rc8+ 38.Kb3 Be3 39.c4 h5 40.gxh5 gxh5 41.Nh4 Bg5 42.Nf5+ Kg6
43.Nd6 Rc7 44.c5 h4 45.Kc4 b6 46.Bg1 bxc5 47.b5 Ra7 48.b6 Ra4+ 49.Kd5 Nd8
50.Bxc5 Ra2 51.Ne4 Bf4 52.Be7 Ra5+ 53.Nc5 Nb7 54.Kc6 Nxc5 55.Bxc5 Bxe5 56.Bd6  1-0

[Event "TCh-POL Ekstraliga"]
[Site "Miedzybrodzie-Zywiec POL"]
[Date "2011.09.03"]
[Round "6.2"]
[White "Szelag,M"]
[Black "Swiercz,D"]
[Result "0-1"]
[WhiteElo "2482"]
[BlackElo "2553"]

1.e4 c5 2.Nf3 d6 3.d4 cxd4 4.Nxd4 Nf6 5.Nc3 a6 6.Be3 e6 7.Be2 Qc7 8.Qd2 b5
9.a3 Bb7 10.f3 Be7 11.g4 Nc6 12.O-O-O b4 13.axb4 Nxb4 14.h4 Nd7 15.Bg5 Nc5
16.Bxe7 Qxe7 17.Qg5 g6 18.Kb1 Qxg5 19.hxg5 Ke7 20.Rh2 e5 21.Nb3 Ne6 22.Na5 Rab8
23.Nc4 Rbd8 24.Na5 Rd7 25.Na4 Nc6 26.Nc4 Ncd4 27.Nab6 Rdd8 28.Na5 Ba8 29.c3 Nxe2
30.Rxe2 Nxg5 31.Nxa8 Rxa8 32.Nc6+ Kf6 33.Rxd6+ Ne6 34.Rg2 h6 35.Kc1 Rae8
36.Rg1 h5 37.g5+ Kg7 38.Kd2 h4 39.Nxe5 h3 40.Nd3 h2 41.Rh1 Nxg5 42.Ke2 Rh3
43.Ne1 f5 44.Rxa6 fxe4 45.f4 Ne6 46.Ng2 e3 47.Ra4 Nc5 48.Ra7+ Kf6 49.f5 g5
50.Rc7 Ne4 51.Rc6+ Kf7  0-1

[Event "3rd Zenderood Open"]
[Site "Esfahan IRI"]
[Date "2011.09.04"]
[Round "5"]
[White "Behmardi,K"]
[Black "Idani,P"]
[Result "1/2-1/2"]
[WhiteElo "2270"]
[BlackElo "2417"]

1.e4 c5 2.Nf3 d6 3.d4 cxd4 4.Nxd4 Nf6 5.Nc3 a6 6.Be3 e5 7.Nf3 Qc7 8.a4 Be7
9.Be2 O-O 10.O-O b6 11.Qd3 Nbd7 12.Qc4 Qd8 13.Nd2 Bb7 14.Qb3 Rc8 15.f3 Nc5
16.Bxc5 Rxc5 17.Rfd1 Qc7 18.Bc4 g6 19.Kh1 Kg7 20.Qa2 Qc8 21.Bb3 b5 22.axb5 axb5
23.Nf1 b4 24.Ne2 Qc6 25.Ne3 Ra8 26.Qb1 Rxa1 27.Qxa1 Qb6 28.Ng3 Ng8 29.Ngf1 Nf6
30.Qc1 h5 31.Qd2 Ne8 32.Qf2 h4 33.Qd2 Bg5 34.Nc4 Bxd2 35.Nxb6 Bg5 36.Ra1 Bd8
37.Ra7 Rc7 38.Ra4 Bc6 39.Ra1 Bg5 40.Kg1 f5 41.exf5 gxf5 42.Kf2 e4 43.Rd1 Re7
44.fxe4 Bxe4 45.Nd5 Bxd5 46.Rxd5 Kg6 47.h3 Bf4 48.Rd4 Kg5 49.Kf3 Re1 50.Kf2 Rb1
51.g3 hxg3+ 52.Nxg3 Bxg3+ 53.Kxg3 Rg1+ 54.Kh2 Rb1 55.h4+ Kf6 56.Rxb4 Rxb2
57.Rb7 d5 58.Rd7 Ke6 59.Rxd5 Rxb3 60.Rd8 Rc3 61.Rxe8+ Kf6  1/2-1/2

[Event "10th Izmir Open"]
[Site "Izmir TUR"]
[Date "2011.09.04"]
[Round "5"]
[White "Karakas,Egemen Ahmet"]
[Black "Odeev,H"]
[Result "0-1"]
[WhiteElo "1890"]
[BlackElo "2392"]

1.e4 c5 2.Nf3 d6 3.d4 cxd4 4.Nxd4 Nf6 5.Nc3 a6 6.Be3 e5 7.Nb3 Be6 8.f3 Be7
9.Qd2 O-O 10.O-O-O a5 11.Kb1 a4 12.Nc1 a3 13.b3 Ra5 14.Na4 Rxa4 15.bxa4 d5
16.Nb3 Qc8 17.Bg5 dxe4 18.Bxf6 Bxf6 19.fxe4 Nc6 20.Bb5 Nd4 21.Bd3 Qc7 22.Qa5 b6
23.Qb4 Be7 24.Qd2 Qc6 25.Nxd4 exd4 26.Bb5 Qxe4 27.Qxd4 Bxa2+ 28.Kxa2 Qxc2+
29.Ka1 Bf6 30.Qxf6 gxf6 31.Rb1 Qc3+ 32.Ka2 Rd8  0-1

[Event "TCh-POL 1st League"]
[Site "Mrzezyno POL"]
[Date "2011.09.04"]
[Round "2"]
[White "Magnucka,M"]
[Black "Gorecka,J"]
[Result "0-1"]
[WhiteElo "2040"]
[BlackElo "2095"]

1.e4 c5 2.Nf3 d6 3.d4 cxd4 4.Nxd4 Nf6 5.Nc3 a6 6.Be3 e5 7.Nb3 Be6 8.Be2 Be7
9.O-O O-O 10.f4 b5 11.Bf3 Nbd7 12.Kh1 exf4 13.Bxf4 Ne5 14.Nd5 Rc8 15.c3 Nxd5
16.exd5 Bd7 17.Re1 Bf6 18.Nd4 Re8 19.Rc1 Bg5 20.Bxg5 Qxg5 21.Rf1 Nc4 22.Rf2 h6
23.b3 Ne5 24.Rcc2 Rc5 25.Rfd2 Bf5 26.Nxf5 Qxf5 27.Be2 Ng6 28.Bd3 Qg5 29.Bxg6 Qxg6
30.c4 bxc4 31.bxc4 Re4 32.h3 Rexc4 33.Rxc4 Rxc4 34.Qe2 Rc1+ 35.Kh2 Qf5 36.g3 a5
37.Kg2 Rc3 38.Qe8+ Kh7 39.Qe2 a4 40.Kh2 a3 41.Qg2 Rd3 42.h4 Kg8 43.Qe2 Rxd5
44.Rc2 Re5 45.Qd2 Rc5 46.Rc3 Rxc3 47.Qxc3 Qc5 48.Qb3 g6 49.Kh3 Kg7 50.Kg2 d5
51.Kf3 d4 52.Kg2 Qe5 53.Kf1 Qe3 54.Qc4 Qf3+ 55.Ke1 Qxg3+ 56.Ke2 Qe3+ 57.Kf1 Qf3+
58.Ke1 Qc3+  0-1

[Event "10th Sunny Beach Open"]
[Site "Sunny Beach BUL"]
[Date "2011.09.04"]
[Round "9.48"]
[White "Bielavsky,J"]
[Black "Galicek,S"]
[Result "0-1"]
[WhiteElo "1993"]
[BlackElo "2155"]

1.e4 c5 2.Nf3 d6 3.d4 cxd4 4.Nxd4 Nf6 5.Nc3 a6 6.Be3 e6 7.f3 b5 8.Bd3 Bb7
9.g4 h6 10.h4 Nbd7 11.Qd2 b4 12.Nce2 d5 13.Ng3 Bd6 14.Qf2 Bxg3 15.Qxg3 dxe4
16.Be2 Qa5 17.Qd6 Qe5 18.Qxb4 Rb8 19.f4 Qc7 20.c4 h5 21.g5 Ng4 22.Bxg4 hxg4
23.g6 Nc5 24.gxf7+ Kxf7 25.Qc3 Nd3+ 26.Ke2 Qe7 27.h5 Qf6 28.Rag1 e5 29.Rxg4 exd4
30.Bxd4 Qf5 31.Rxg7+ Ke8 32.Qa3 Nxf4+ 33.Ke3 Qe6 34.Rxb7 Rxb7 35.Bxh8 Ng2+
36.Kf2 Rf7+ 37.Kxg2 Qg4+ 38.Qg3 Qe2+ 39.Kh3 Qxh5+ 40.Qh4 Rf3+ 41.Kg2 Qg6+
42.Kh2 Qd6+ 43.Kg2 Qd2+ 44.Kg1 Qd1+ 45.Kg2 Qe2+  0-1

[Event "10th Sunny Beach Open"]
[Site "Sunny Beach BUL"]
[Date "2011.09.04"]
[Round "9.12"]
[White "Koepke,C"]
[Black "Womacka,M"]
[Result "1-0"]
[WhiteElo "2410"]
[BlackElo "2459"]

1.e4 c5 2.Nf3 d6 3.d4 cxd4 4.Nxd4 Nf6 5.Nc3 a6 6.Be3 e5 7.Nb3 Be7 8.f3 Be6
9.Qd2 O-O 10.O-O-O a5 11.Qe1 Qc8 12.a4 Nc6 13.Kb1 Nb4 14.g4 b6 15.h4 Qb7
16.h5 Rfc8 17.Rh2 d5 18.g5 Ne8 19.exd5 Nxd5 20.Nxd5 Bxd5 21.g6 Bxf3 22.gxf7+ Kxf7
23.Be2 Be4 24.Bc4+ Kf8 25.Qf1+ Nf6 26.h6 g6 27.Rf2 Bf5 28.Bd3 e4 29.Bb5 Rd8
30.Nd4 Qc8 31.Bc4 Rxd4 32.Bxd4 e3 33.Bxe3 Ng4 34.Rxf5+ Qxf5 35.Bxb6 Rb8 36.Bd4 Bf6
37.Qxf5 gxf5 38.Bxf6 Nxf6 39.Rf1  1-0

[Event "TCh-SRB Premier Women"]
[Site "Valjevo SRB"]
[Date "2011.09.04"]
[Round "9.5"]
[White "Milanovic,Ma"]
[Black "Eric,J"]
[Result "0-1"]
[WhiteElo "1863"]
[BlackElo "2282"]

1.e4 c5 2.Nf3 d6 3.d4 cxd4 4.Nxd4 Nf6 5.Nc3 a6 6.Be3 e5 7.Nb3 Be6 8.f3 h5
9.Qd2 Nbd7 10.O-O-O Rc8 11.f4 b5 12.f5 Bc4 13.h3 Qc7 14.Kb1 Nb6 15.Bxb6 Qxb6
16.Nd5 Bxd5 17.exd5 Ne4 18.Qb4 Nf2 19.Bd3 Nxh1 20.Rxh1 Qf2 21.Qe4 Be7 22.Na5 Bf6
23.Nc6 h4 24.Rf1 Qb6 25.Qe2 O-O 26.Qg4 e4 27.Bxe4 Rfe8 28.Bd3 b4 29.Qf4 a5
30.Qxd6 Qf2 31.a3 b3 32.Rc1 Re1  0-1

[Event "TCh-POL 1st League"]
[Site "Mrzezyno POL"]
[Date "2011.09.05"]
[Round "3"]
[White "Gorecka,J"]
[Black "Jakubiec,E"]
[Result "1/2-1/2"]
[WhiteElo "2095"]
[BlackElo "2215"]

1.e4 c5 2.Nf3 d6 3.d4 cxd4 4.Nxd4 Nf6 5.Nc3 a6 6.Be3 e5 7.Nb3 Be7 8.f3 Be6
9.Qd2 O-O 10.O-O-O Qc7 11.Kb1 Nbd7 12.g4 b5 13.g5 Nh5 14.f4 exf4 15.Bxf4 Nxf4
16.Qxf4 Rfc8 17.Bd3 Ne5 18.Nd4 Qc5 19.Nd5 Bxd5 20.exd5 Nxd3 21.Rxd3 Qxd5
22.Rg1 Qe5 23.Qd2 Bf8 24.Rf1 Ra7 25.Nf5 Rd7 26.Rd5 Qe6 27.Re1 Qg6 28.h4 Rdc7
29.Qd3 Rc5 30.Rxc5 Rxc5 31.Rf1 Qe6 32.Nd4 Qd5 33.Rd1 g6 34.Qe2 Qe5 35.Qf3 Rc7
36.a3 Qe8 37.h5 Bg7 38.h6 Be5 39.Qd5 Qc8 40.Nf3 Rc5 41.Qe4 Rc4 42.Qd3 Qe6  1/2-1/2

[Event "TCh-POL 1st League"]
[Site "Mrzezyno POL"]
[Date "2011.09.05"]
[Round "3"]
[White "Jaracz,B"]
[Black "Wisniowska,K"]
[Result "1-0"]
[WhiteElo "2272"]
[BlackElo "2074"]

1.e4 c5 2.Nf3 d6 3.d4 cxd4 4.Nxd4 Nf6 5.Nc3 a6 6.Be3 Ng4 7.Bg5 h6 8.Bh4 g5
9.Bg3 Bg7 10.h3 Ne5 11.Qd2 Nbc6 12.Nf5 Bxf5 13.exf5 Nd4 14.Bxe5 Bxe5 15.Bd3 Bf4
16.Qd1 Qa5 17.O-O Nxf5 18.Be4 Ng7 19.Bxb7 Rb8 20.Bc6+ Kf8 21.Nd5 Be5 22.b4 Qa3
23.Rb1 Ne6 24.c3 Qxa2 25.Qd3 Nf4 26.Nxf4 Bxf4 27.Bd5 Qd2 28.Qf5 e6 29.Bxe6 Rb7
30.Bd5 Re7 31.c4 Kg7 32.g3 Be5 33.Rfd1 Qc3 34.c5 dxc5 35.Rb3 cxb4 36.Rxc3 Bxc3
37.Bb3 Rhe8 38.Rd7 a5 39.Bxf7  1-0

[Event "5th ch-Euro IBCA"]
[Site "Rhodes GRE"]
[Date "2011.09.09"]
[Round "4.27"]
[White "Nistor,M"]
[Black "Karsokaite,I"]
[Result "1/2-1/2"]
[WhiteElo "1951"]
[BlackElo "1619"]

1.e4 c5 2.Nf3 d6 3.d4 cxd4 4.Nxd4 Nf6 5.Nc3 a6 6.Be3 Nc6 7.f3 e6 8.Qd2 Be7
9.O-O-O O-O 10.g4 Nxd4 11.Bxd4 b5 12.h4 Bb7 13.h5 Rc8 14.g5 Ne8 15.Be3 Nc7
16.g6 Bf6 17.gxh7+ Kxh7 18.Bd3 Kg8 19.Rdg1 e5 20.h6 g6 21.Nd5 Kh7 22.f4 Nxd5
23.exd5 exf4 24.Bxf4 Rc5 25.Be4 Rg8 26.Kb1 Be5 27.Be3 Rc4 28.Qd3 Qe7 29.Bg5 Bf6
30.Bxf6 Qxe4 31.Qxe4 Rxe4 32.Rd1 Rge8 33.Rhg1 Bc8 34.b3 Bf5 35.Rd2 Re3 36.Bg7 R3e4
37.Rf2 Re3 38.Kb2 R3e4 39.Bf6 Re3 40.Bg5 R3e4 41.Bf4 Rd8 42.Re2 Rde8 43.Rxe4 Rxe4
44.Bxd6 Rd4 45.Be5 Rxd5 46.Bg7 Be6 47.Rg2 g5 48.Kc3 a5 49.a4 b4+ 50.Kb2 g4
51.c4 bxc3+ 52.Kxc3 Rc5+ 53.Kd4 Rd5+ 54.Ke4 Rc5 55.Kf4 Bxb3  1/2-1/2

[Event "ch-Euro Youth b16"]
[Site "Albena BUL"]
[Date "2011.09.11"]
[Round "1.16"]
[White "Skouvaklis,A"]
[Black "Doros,R"]
[Result "1/2-1/2"]
[WhiteElo "2072"]
[BlackElo "2338"]

1.e4 c5 2.Nf3 d6 3.d4 cxd4 4.Nxd4 Nf6 5.Nc3 a6 6.Be3 e6 7.g4 h6 8.Bg2 Nc6
9.h3 Ne5 10.b3 Qc7 11.Qd2 g5 12.f4 gxf4 13.Bxf4 b5 14.Rd1 Bb7 15.Ndxb5 axb5
16.Nxb5 Qa5 17.Qxa5 Rxa5 18.Nxd6+ Bxd6 19.Rxd6 Ng6 20.Bd2 Rxa2 21.Bc3 Ke7
22.Rb6 Rb8 23.Bxf6+ Kxf6 24.Rxb7 Rxb7 25.e5+ Kxe5 26.Bxb7 Rxc2 27.Rf1 Nf4
28.Rf3 Rc7 29.Re3+ Kd4 30.Re4+ Kd3 31.Rxf4 Rxb7 32.Kf2 e5  1/2-1/2

[Event "TCh-POL 1st League"]
[Site "Mrzezyno POL"]
[Date "2011.09.11"]
[Round "9"]
[White "Bednarek,S"]
[Black "Barski,R"]
[Result "0-1"]
[WhiteElo "2333"]
[BlackElo "2255"]

1.e4 c5 2.Nf3 d6 3.d4 cxd4 4.Nxd4 Nf6 5.Nc3 a6 6.Be3 e5 7.Nb3 Be7 8.Be2 Be6
9.Qd2 Nbd7 10.O-O-O O-O 11.f4 b5 12.f5 Bc4 13.g4 Bxe2 14.Qxe2 b4 15.Nd5 Nxd5
16.exd5 Qc7 17.Kb1 Rfc8 18.Rc1 a5 19.c4 bxc3 20.Rxc3 Qb7 21.Rxc8+ Rxc8 22.Rd1 Bd8
23.Qd2 Rb8 24.g5 a4 25.Nc1 Bb6 26.Bxb6 Nxb6 27.b3 Nc4 28.Qd3 Na3+ 29.Kb2 Nb5
30.Ne2 Qa8 31.b4 a3+ 32.Ka1 Qa7 33.Rc1 Qe7 34.Qg3 f6 35.g6 hxg6 36.fxg6 e4
37.Qh3 Qe5+ 38.Nc3 Nxc3 39.Rxc3 f5 40.Qg3 f4 41.Qh3 e3  0-1

[Event "8th LGA Premium Cup"]
[Site "Nuernberg GER"]
[Date "2011.09.11"]
[Round "6.8"]
[White "Klundt,K"]
[Black "Bischoff,K"]
[Result "1/2-1/2"]
[WhiteElo "2385"]
[BlackElo "2547"]

1.e4 c5 2.Nf3 d6 3.d4 Nf6 4.Nc3 cxd4 5.Nxd4 a6 6.Be3 e5 7.Nb3 Be7 8.f4 Nbd7
9.Be2 b5 10.O-O Bb7 11.a4 O-O 12.axb5 axb5 13.Rxa8 Bxa8 14.Bxb5  1/2-1/2

[Event "ch-Euro Youth b16"]
[Site "Albena BUL"]
[Date "2011.09.12"]
[Round "2.5"]
[White "Pardo Simon,D"]
[Black "Lewicki,Mir"]
[Result "1/2-1/2"]
[WhiteElo "2422"]
[BlackElo "2205"]

1.e4 c5 2.Nf3 d6 3.d4 Nf6 4.Nc3 cxd4 5.Nxd4 a6 6.Be3 e6 7.Be2 Qc7 8.O-O b5
9.a3 Bb7 10.f3 Nbd7 11.Qe1 d5 12.exd5 Nxd5 13.Nxd5 Bxd5 14.Rd1 Bc5 15.b4 Bb6
16.a4 bxa4 17.c4 Bxc4 18.Bxc4 Qxc4 19.Nf5 O-O 20.Nxg7 Qb5 21.Nh5 Qxh5 22.Rxd7 Rad8
23.Rxd8 Bxe3+ 24.Qxe3 Rxd8 25.Rc1 Qd5 26.h3 Qd4 27.Qxd4 Rxd4 28.Rc6 a5 29.b5 Rb4
30.Kh2 Rxb5 31.Rc4 a3 32.Ra4 Rb3 33.Rxa5 Kg7 34.Kg3 f5 35.Kh4 Kg6 36.f4 Rb2
37.g4 fxg4 38.Rxa3 gxh3 39.Kxh3 Kf5 40.Kg3 Rb5 41.Re3 h5 42.Re1 Rb3+ 43.Kh4 Rb4
44.Kxh5 Rxf4 45.Ra1 e5 46.Ra8 Rf3 47.Kh4 Kf4 48.Rf8+ Ke3 49.Ra8 e4 50.Kg4 Ke2
51.Ra2+ Kf1 52.Ra4 Kf2  1/2-1/2

[Event "ch-Euro Youth b14"]
[Site "Albena BUL"]
[Date "2011.09.12"]
[Round "2.1"]
[White "Popov,Andrey2"]
[Black "Artemiev,V"]
[Result "0-1"]
[WhiteElo "2062"]
[BlackElo "2415"]

1.e4 c5 2.Nf3 d6 3.d4 cxd4 4.Nxd4 Nf6 5.Nc3 a6 6.Be3 e6 7.f3 b5 8.Qd2 Nbd7
9.g4 Nb6 10.Qf2 Nfd7 11.O-O-O Bb7 12.h4 Rc8 13.g5 Rxc3 14.bxc3 Qc7 15.Kd2 d5
16.Bd3 Ne5 17.Ke2 Na4 18.Bd2 Nc4 19.Nb3 Nxd2 20.Kxd2 Nxc3 21.Ra1 Bb4 22.Kc1 dxe4
23.fxe4 Bxe4 24.Rf1 Bxd3 25.cxd3 Ne4+ 26.Qc2 Ba3+ 27.Kd1 Nc3+ 28.Ke1 Qe5+
29.Kd2 Qe2+ 30.Kxc3 b4+  0-1

[Event "ch-Euro Youth b16"]
[Site "Albena BUL"]
[Date "2011.09.12"]
[Round "2.6"]
[White "Rindlisbacher,L"]
[Black "Gabuzyan,H"]
[Result "0-1"]
[WhiteElo "2217"]
[BlackElo "2404"]

1.e4 c5 2.Nf3 d6 3.d4 cxd4 4.Nxd4 Nf6 5.Nc3 a6 6.Be3 e5 7.Nb3 Be6 8.Qd2 Nbd7
9.O-O-O Rc8 10.f4 Be7 11.f5 Bc4 12.Bxc4 Rxc4 13.Qd3 b5 14.Nd2 Rc8 15.a3 Qa5
16.Nb3 Qc7 17.Kb1 h6 18.Rhg1 Nc5 19.Nxc5 dxc5 20.Nd5 Nxd5 21.exd5 c4 22.Qd2 Bd6
23.f6 g6 24.Rge1 c3 25.Qxc3 Qxc3 26.bxc3 Kd7 27.Kb2 Rc4 28.Bc1 h5 29.Rd3 Rhc8
30.h3 a5 31.Bd2 Ra4 32.Ra1 Rcc4 33.Kb3 Bc5 34.d6 Bxd6 35.Rd1 Ke6 36.Bg5 Rc6
37.Rd5 Rac4 38.Kb2 R4c5 39.R5d2 Rc4 40.Be3 Bxa3+ 41.Kxa3 Rxc3+ 42.Kb2 Rxe3
43.Rd5 Re2 44.Rxb5 Rexc2+ 45.Kb1 Rxg2  0-1

[Event "ch-Euro Youth b14"]
[Site "Albena BUL"]
[Date "2011.09.12"]
[Round "2.3"]
[White "Khamidov,K"]
[Black "Duda,J"]
[Result "0-1"]
[WhiteElo "2055"]
[BlackElo "2368"]

1.e4 c5 2.Nf3 d6 3.d4 cxd4 4.Nxd4 Nf6 5.Nc3 a6 6.Be3 e5 7.Nb3 Be6 8.f3 Be7
9.Qd2 Nbd7 10.O-O-O b5 11.g4 O-O 12.g5 b4 13.Ne2 Nh5 14.Ng3 Nf4 15.h4 f6
16.Nf5 Bxf5 17.exf5 fxg5 18.Bc4+ Kh8 19.hxg5 Rxf5 20.Kb1 Nf8 21.Bxf4 Rxf4
22.Qd5 Ng6 23.Na5 Qf8 24.Nc6 Bxg5 25.Rdg1 Bh6 26.Bd3 Nh4 27.Ne7 Rd4 28.Qe6 Re8
29.Ng6+ hxg6 30.Qh3 Nxf3 31.Rxg6 Rh4 32.Qg2 Rxh1+ 33.Qxh1 e4 34.Bc4 Nd2+  0-1

[Event "ch-Euro Youth b18"]
[Site "Albena BUL"]
[Date "2011.09.12"]
[Round "2.3"]
[White "Lagarde,Max"]
[Black "Ten Hertog,H"]
[Result "1-0"]
[WhiteElo "2452"]
[BlackElo "2318"]

1.e4 c5 2.Nf3 d6 3.d4 cxd4 4.Nxd4 Nf6 5.Nc3 a6 6.Be3 e6 7.g4 h6 8.Bg2 Nc6
9.f3 Be7 10.Qd2 Ne5 11.Qe2 g5 12.h4 Rg8 13.O-O-O Bd7 14.Bf1 b5 15.Qh2 Rc8
16.hxg5 hxg5 17.Kb1 Qc7 18.Bd3 b4 19.Nce2 a5 20.Ng3 d5 21.Nh5 dxe4 22.Nxf6+ Bxf6
23.Bxe4 Nc4 24.Qxc7 Rxc7 25.Bc1 Ke7 26.Rh5 Nd6 27.Bh7 Rg7 28.Nb3 Bc6 29.Nd2 Bd5
30.Re1 Rc5 31.Bd3 Rg8 32.f4 Kd7 33.Nb3 Bxb3 34.axb3 Rd5 35.Rf1 gxf4 36.Bxf4 Bd4
37.Rxd5 exd5 38.g5 Rg7 39.Rh1 Ke7 40.Rh6 Ne4 41.Ra6 Rh7 42.Bd6+ Kd7 43.Ka2 Rh1
44.Bb5+ Kc8 45.Bf4 Rh4 46.Ra8+ Kb7 47.Rb8+ Ka7 48.Bc7 Rh8 49.Rxh8 Bxh8 50.Bxa5 Nxg5
51.Bxb4 Kb6 52.Bd3 Ne4 53.c4 Nc5 54.Bf5 dxc4 55.bxc4 Na4 56.Ba3 Bd4 57.b4 Nc3+
58.Kb3 Ne2 59.c5+ Kc7 60.Kc4 Be5 61.b5 Ng3 62.Bh3 f6 63.b6+ Kb8 64.c6 Ne2
65.Bb2  1-0

[Event "ch-Euro Youth g16"]
[Site "Albena BUL"]
[Date "2011.09.13"]
[Round "3.5"]
[White "Fataliyeva,U"]
[Black "Gelip,I"]
[Result "1-0"]
[WhiteElo "2136"]
[BlackElo "1964"]

1.e4 c5 2.Nf3 d6 3.d4 cxd4 4.Nxd4 Nf6 5.Nc3 a6 6.Be3 e5 7.Nb3 Be6 8.Be2 Be7
9.Nd5 Nbd7 10.Qd3 O-O 11.O-O Bxd5 12.exd5 Qc7 13.c4 Nc5 14.Qb1 Nfd7 15.Nd2 a5
16.b3 f5 17.a3 g6 18.f3 b6 19.b4 Nb7 20.Bd1 b5 21.cxb5 Qc3 22.Bh6 Rfc8 23.bxa5 Rxa5
24.Nb3 Rxb5 25.Qa2 Nb6 26.Rc1 Qd3 27.Rxc8+ Nxc8 28.a4 Rb4 29.Bd2 Rh4 30.Be1 Rh6
31.Be2 Qe3+ 32.Bf2 Qf4 33.g3 Qb4 34.Rc1 Nb6 35.Be1 Qxa4 36.Qxa4 Nxa4 37.Rc7  1-0

[Event "ch-Euro Youth b16"]
[Site "Albena BUL"]
[Date "2011.09.13"]
[Round "3.16"]
[White "Dragun,K"]
[Black "Monev,A"]
[Result "1-0"]
[WhiteElo "2426"]
[BlackElo "2133"]

1.e4 c5 2.Nf3 d6 3.d4 cxd4 4.Nxd4 Nf6 5.Nc3 a6 6.Be3 e5 7.Nb3 Be6 8.Be2 Be7
9.O-O O-O 10.Qd2 Nbd7 11.a4 Rc8 12.a5 Qc7 13.Rfd1 Rfe8 14.Bf3 Bf8 15.Nc1 Qb8
16.N1a2 b6 17.axb6 Nxb6 18.b3 Qb7 19.Bxb6 Qxb6 20.Na4 Qb7 21.Qd3 g6 22.c4 Nd7
23.Rab1 Nc5 24.Nxc5 dxc5 25.Nc3 Be7 26.Nd5 Bxd5 27.cxd5 Bd6 28.Qc2 a5 29.Be2 Ra8
30.Ra1 Reb8 31.Bc4 Kg7 32.Ra2 Ra7 33.g3 Qb6 34.Kg2 f6 35.Qd2 Qc7 36.Rda1 Rb4
37.Ra3 Qd8 38.h4 Bc7 39.h5 g5 40.d6 Qxd6 41.Qe2 Qe7 42.R3a2 Rb8 43.Rd2 Rd8
44.Rxd8 Bxd8 45.Bb5 Bb6 46.Rd1 c4 47.Qxc4 Qf7 48.Qc6 Bd4 49.Rc1 Kh6 50.Bc4 Qe7
51.Bd5 Rd7 52.Qa6 Ra7 53.Qc8 Qd7 54.Qf8+ Qg7 55.Qb8 Qe7 56.Rc6 Kxh5 57.Rc1 g4
58.Qc8 Qd7 59.Rh1+ Kg6 60.Qg8+ Qg7 61.Qe8+ Rf7 62.Bxf7+ Qxf7 63.Rh6+ Kg7
64.Rxh7+  1-0

[Event "10th Istanbul Open A"]
[Site "Istanbul TUR"]
[Date "2011.09.13"]
[Round "3"]
[White "Al Tarbosh,W"]
[Black "Tunali,Ugur"]
[Result "1-0"]
[WhiteElo "2251"]
[BlackElo "1865"]

1.e4 c5 2.Nf3 d6 3.d4 cxd4 4.Nxd4 Nf6 5.Nc3 a6 6.Be3 e6 7.a4 Be7 8.Be2 O-O
9.O-O Nc6 10.f4 Qc7 11.Bf3 Nxd4 12.Qxd4 e5 13.Qd2 exf4 14.Bxf4 Be6 15.Kh1 Rac8
16.Rae1 Rfd8 17.Nd5 Nxd5 18.exd5 Bf5 19.c3 Bf6 20.Bg5 Bxg5 21.Qxg5 Bg6 22.Bg4 Rb8
23.Re7 h6 24.Rxc7 hxg5 25.Kg1 b5 26.a5 Rf8 27.Re1 f5 28.Ree7 Rf7 29.Rxf7 Bxf7
30.Bxf5 Bxd5 31.Rc8+ Rxc8 32.Bxc8 Bc6 33.Bxa6 Kf7 34.Kf2 Ke6 35.Bc8+ Ke5
36.a6 d5 37.Bb7 Kd6 38.Ke3  1-0

[Event "ch-Euro Youth b16"]
[Site "Albena BUL"]
[Date "2011.09.14"]
[Round "4.26"]
[White "Silva,Luis"]
[Black "Lewicki,Mir"]
[Result "0-1"]
[WhiteElo "2038"]
[BlackElo "2205"]

1.e4 c5 2.Nf3 d6 3.d4 cxd4 4.Nxd4 Nf6 5.Nc3 a6 6.Be3 e6 7.g4 e5 8.Nf5 g6
9.g5 gxf5 10.exf5 d5 11.Qf3 Bd7 12.gxf6 Bc6 13.O-O-O d4 14.Qg3 Nd7 15.Rg1 dxe3
16.Rxd7 Qxd7 17.Qxe5+ Kd8 18.Bc4 Bh6 19.f4 Qc7 20.Rd1+ Kc8 21.Be6+ fxe6 22.Qxc7+ Kxc7
23.fxe6 Bxf4  0-1

[Event "ch-Euro Youth b16"]
[Site "Albena BUL"]
[Date "2011.09.14"]
[Round "4.21"]
[White "Studer,N"]
[Black "Nenezic,M"]
[Result "1/2-1/2"]
[WhiteElo "2127"]
[BlackElo "2339"]

1.e4 c5 2.Nf3 d6 3.d4 cxd4 4.Nxd4 Nf6 5.Nc3 a6 6.Be3 e5 7.Nf3 Be7 8.Bc4 O-O
9.O-O Be6 10.Bb3 Qc7 11.Bg5 Nbd7 12.Qe2 b5 13.Rfd1 Rfc8 14.Ne1 Rab8 15.Bxf6 Nxf6
16.Nd5 Bxd5 17.Bxd5 Nxd5 18.Rxd5 Qc4 19.Qd3 Qxd3 20.Rxd3 Rc4 21.f3 g6 22.c3 f5
23.exf5 gxf5 24.Nc2 Rc5 25.Nb4 Ra8 26.a4 Kf7 27.axb5 Rxb5 28.Rd5 Rxd5 29.Nxd5 Bd8
30.Kf1 Ke6 31.c4 Rc8 32.b3 a5 33.Ke2 Rb8 34.Ra3 Rb7 35.Kd3 Rg7 36.Ra2 h5
37.Re2 Kd7 38.Ra2 Ke6 39.Re2 h4 40.Kc3 Kd7 41.Rd2 Ke6 42.Re2 Rf7 43.Kd3 Rb7
44.Kc3 Rf7 45.Kd3 Rg7 46.Kc3  1/2-1/2

[Event "ch-Euro Youth b14"]
[Site "Albena BUL"]
[Date "2011.09.14"]
[Round "4.5"]
[White "Reshef,O"]
[Black "Artemiev,V"]
[Result "0-1"]
[WhiteElo "2169"]
[BlackElo "2415"]

1.e4 c5 2.Nf3 d6 3.d4 cxd4 4.Nxd4 Nf6 5.Nc3 a6 6.Be3 e6 7.Be2 Qc7 8.a4 b6
9.f4 Bb7 10.Bf3 Nbd7 11.Qe2 Nb8 12.Qd1 Nbd7 13.Qe2 Rc8 14.O-O Qc4 15.Qf2 e5
16.Nf5 g6 17.Ng3 Be7 18.Rad1 O-O 19.f5 Qb4 20.Bh6 Rfd8 21.fxg6 fxg6 22.Nf5 gxf5
23.Qg3+ Kf7 24.Qg7+ Ke8 25.Qxh7 Nf8 26.Qxf5 Qc5+ 27.Kh1 Qc4 28.Bh5+ Nxh5
29.Bxf8 Nf4 30.Bxe7 Kxe7 31.Qh7+ Qf7 32.Qxf7+ Kxf7 33.g3 Rxc3 34.bxc3 Bxe4+
35.Kg1 Rg8 36.Rxd6 Ke7 37.Rxf4 exf4 38.Rxb6 f3 39.Kf2 Rd8 40.Ke3 Rd1 41.Rb4 Re1+
42.Kf2 Re2+ 43.Kf1 Bxc2 44.h4 Bd3 45.Rf4 Rh2+ 46.Ke1 Re2+ 47.Kf1 Be4 48.h5 Ke6
49.h6 Ke5 50.Rh4 Rg2 51.Rf4 Rxg3 52.Rf7 Rh3 53.Kf2 Rh2+ 54.Kg3 Rxh6 55.Re7+ Re6
56.Rf7 Rg6+ 57.Kf2 Rg2+ 58.Ke1 Re2+ 59.Kf1 Rc2 60.a5 Rxc3 61.Rf8 Kd4 62.Ke1 Ke3
63.Kd1 f2 64.Rf6 Bf3+  0-1

[Event "ch-Euro Youth g16"]
[Site "Albena BUL"]
[Date "2011.09.15"]
[Round "5.11"]
[White "Mabille,N"]
[Black "Ziaziulkina,N"]
[Result "0-1"]
[WhiteElo "1848"]
[BlackElo "2296"]

1.e4 c5 2.Nf3 d6 3.d4 cxd4 4.Nxd4 Nf6 5.Nc3 a6 6.Be3 e6 7.Be2 Be7 8.f4 O-O
9.O-O Nc6 10.Kh1 Bd7 11.Qe1 b5 12.a3 Qb8 13.Qg3 b4 14.axb4 Qxb4 15.Nxc6 Bxc6
16.e5 Ne4 17.Nxe4 Bxe4 18.Bf3 Bxf3 19.Rxf3 Qxb2 20.Raf1 dxe5 21.fxe5 Qxc2
22.Bg5 Bxg5 23.Qxg5 Rab8 24.Rg3 Qg6 25.Qc1 Qh5 26.Qa1 Rb5 27.Qxa6 Rxe5 28.Rc3 h6
29.Rc8 Rxc8 30.Qxc8+ Kh7 31.Qd7 Rf5 32.Qd3 Qg6 33.Rg1 Rh5 34.Qe3 Qg5 35.Qd3+ Qf5
36.Qe3 Rh4 37.Re1 Rb4 38.Qc1 e5 39.h3 Re4 40.Rf1 Rf4 41.Re1 Rf2 42.Kg1 Rc2
43.Qe3 Rb2 44.Rf1 Rb1  0-1

[Event "ch-Euro Youth g16"]
[Site "Albena BUL"]
[Date "2011.09.15"]
[Round "5.13"]
[White "Foster,Chantelle L"]
[Black "Tkachova,A"]
[Result "0-1"]
[WhiteElo "1727"]
[BlackElo "1948"]

1.e4 c5 2.Nf3 d6 3.d4 cxd4 4.Nxd4 Nf6 5.Nc3 a6 6.Be3 e5 7.Nb3 Be6 8.f3 h5
9.h4 Nbd7 10.Qd2 Be7 11.O-O-O Qc7 12.Kb1 Rc8 13.Be2 b5 14.Rdg1 Nb6 15.Nd1 Nc4
16.Bxc4 Bxc4 17.Nf2 d5 18.Bg5 dxe4 19.fxe4 Rd8 20.Qe3 Ng4 21.Nxg4 hxg4 22.Bxe7 Qxe7
23.Na5 Rh6 24.Qg5 Qxg5 25.hxg5 Rxh1 26.Rxh1 Rd2 27.Nc6 Rxg2 28.b3 Be6 29.Nxe5 Re2
30.Nd3 Rxe4 31.Rh4 Re3 32.Nc5 Rh3 33.Rxh3 gxh3 34.Ne4 h2 35.Ng3 Bd5 36.Kb2 h1=Q
37.Nxh1 Bxh1 38.c4 bxc4 39.bxc4 Kd7 40.Kc3 Kd6 41.Kb4 Kc6 42.a4 f6 43.gxf6 gxf6
44.a5 f5  0-1

[Event "ch-Euro Youth b18"]
[Site "Albena BUL"]
[Date "2011.09.15"]
[Round "5.10"]
[White "Kovalev,Vl"]
[Black "Stanciu,Al"]
[Result "1-0"]
[WhiteElo "2452"]
[BlackElo "2288"]

1.e4 c5 2.Nf3 d6 3.d4 cxd4 4.Nxd4 Nf6 5.Nc3 a6 6.Be3 e5 7.Nb3 Be7 8.Qd2 O-O
9.O-O-O a5 10.a4 Be6 11.f3 Na6 12.Bg5 Qc8 13.Bxa6 Rxa6 14.Kb1 Qc4 15.Qd3 Qb4
16.Qb5 Bc4 17.Qxb4 axb4 18.Nb5 Rxa4 19.Nxd6 Bxd6 20.Rxd6 Rfa8 21.Rhd1 Ne8
22.Rd8 f6 23.Be3 Bb5 24.Rxa8 Rxa8 25.Nc5 Bc6 26.Nd3 Rd8 27.b3 Rd7 28.Re1 Rd6
29.Nxb4 Bd7 30.Nd5 Kf7 31.c4 g6 32.Kb2 Ra6 33.Rd1 Ke6 34.b4 Ba4 35.Rd2 f5
36.b5 Ra5 37.Kc3 fxe4 38.Kb4 Ra8 39.Nb6  1-0

[Event "1st Marcel Duchamp"]
[Site "Buenos Aires ARG"]
[Date "2011.09.15"]
[Round "4"]
[White "Fusco,L"]
[Black "Patino,F"]
[Result "1-0"]
[WhiteElo "2392"]
[BlackElo "2102"]

1.e4 c5 2.Nf3 d6 3.d4 cxd4 4.Nxd4 Nf6 5.Nc3 a6 6.Be3 e5 7.Nf3 Be7 8.Bc4 O-O
9.O-O Nc6 10.Bg5 Be6 11.Bb3 Rc8 12.Bxf6 Bxf6 13.Nd5 Bxd5 14.Qxd5 Qc7 15.c3 Ne7
16.Qd3 Rfd8 17.Rfd1 Ng6 18.g3 Qd7 19.Ne1 Qg4 20.Ng2 Bg5 21.Ne3 Bxe3 22.Qxe3 h5
23.f3 Qh3 24.Rd2 Kf8 25.Rad1 Rc6 26.Qg5 Re8 27.Rxd6 Rxd6 28.Rxd6 h4 29.Bxf7 hxg3
30.hxg3 Nh4 31.Qxh4  1-0